Life- Span Development
Պահպանված է:
| Հիմնական հեղինակ: | |
|---|---|
| Ձևաչափ: | Գիրք |
| Լեզու: | անգլերեն |
| Հրապարակվել է: |
M C Graw-Hill Education
2019
|
| Ցուցիչներ: |
Ավելացրեք ցուցիչ
Չկան պիտակներ, Եղեք առաջինը, ով նշում է այս գրառումը!
|
MARC
| LEADER | 00000nam a22000007a 4500 | ||
|---|---|---|---|
| 008 | 210616b ||||| |||| 00| 0 eng d | ||
| 020 | |a 9781260092080 | ||
| 100 | |a Santrock, John W | ||
| 245 | |a Life- Span Development |c John W. Santroc |g xivi, 626p | ||
| 250 | |b Seventeenth Edition | ||
| 260 | |b M C Graw-Hill Education |c 2019 |h New York |i 6962002 |i 696201 |i 696198 |l BF 13. S5 | ||
| 500 | |a It includes references and index | ||
| 942 | |a lcc |c BK |e Olagoke, M.A |f 16/06/2021 | ||
| 952 | |0 0 |1 0 |2 lcc |4 0 |7 0 |9 2609 |a HOL |b HOL |c AF |d 2021-06-16 |o BF13.S5 |p 2021-6460 |r 2021-06-16 00:00:00 |w 2021-06-16 |y BK | ||
| 952 | |0 0 |1 0 |2 lcc |4 0 |7 0 |9 2610 |a HOL |b HOL |c AF |d 2021-06-16 |o BF13.S5 |p 2021-6461 |r 2021-06-16 00:00:00 |w 2021-06-16 |y BK | ||
| 952 | |0 0 |1 0 |2 lcc |4 0 |7 0 |9 2611 |a HOL |b SSL |c AF |d 2021-06-16 |o BF13.S5 |p 2021-6462 |r 2021-06-16 00:00:00 |w 2021-06-16 |y BK | ||
| 999 | |c 1366 |d 1366 | ||